Every Player - VCT PACIFIC - Statistics

General Stats
  • This quiz has been taken 292 times
    3 since last reset
  • The average score is 83 of 142
Answer Stats
Year Nationality Team(s) Answer % Correct
2026 jp.webp 62a411783d94d.png Absol
100%
2025 / 2026 kr.webp 63972e548cdc9.png Akame
100%
2025 / 2026 kr.webp 654cc858ea9f5.png Ash
100%
2026 au.webp 629f316ddd4dd.png Autumn
100%
2023 / 2024 / 2025 kr.webp 62fe0b8f6b084.png 6226f3d764e03.png 629f316ddd4dd.png ban
100%
2023 / 2024 sg.webp 62bbeba74d5cb.png 629f316ddd4dd.png Benkai
100%
2024 / 2025 / 2026 kr.webp 63b17abd77fc0.png BeYN
100%
2023 / 2024 / 2025 kr.webp 62fe0b8f6b084.png carpe
100%
2023 th.webp 62bbeba74d5cb.png cgrs
100%
2024 / 2025 / 2026 vn.webp 662f72ad88211.png 629f17f51e7a3.png crazyguy
100%
2023 / 2024 / 2025 / 2026 th.webp 6226f3d764e03.png 6537a7954d915.png Crws
100%
2023 / 2024 / 2025 / 2026 my.webp 62bbeba74d5cb.png d4v41
100%
2025 / 2026 kr.webp 6399bb707aacb.png Dambi
100%
2023 / 2024 / 2025 jp.webp 62a411783d94d.png Dep
100%
2024 / 2025 sg.webp 662f72ad88211.png 629f316ddd4dd.png Deryeon
100%
2025 kz.webp 629f1bdae82ab.png dos9
100%
2023 / 2024 / 2025 / 2026 id.webp 62bbeba74d5cb.png f0rsakeN
100%
2024 / 2025 kr.webp 63b17abd77fc0.png Flashback
100%
2023 / 2024 / 2025 / 2026 kr.webp 63b17abd77fc0.png 654cc858ea9f5.png Foxy9
100%
2025 / 2026 kr.webp 6399bb707aacb.png Francis
100%
2025 / 2026 kr.webp 63b17abd77fc0.png free1ng
100%
2023 / 2024 / 2025 / 2026 ph.webp 629f13085ead6.png 62bbeba74d5cb.png invy
100%
2023 / 2024 / 2025 / 2026 sg.webp 62bbeba74d5cb.png Jinggg
100%
2023 / 2024 / 2025 id.webp 62bbeba74d5cb.png mindfreak
100%
2023 / 2024 / 2025 / 2026 id.webp 629f316ddd4dd.png 62bbeba74d5cb.png 629f17f51e7a3.png Monyet
100%
2025 / 2026 ph.webp 62bbeba74d5cb.png 629f316ddd4dd.png PatMen
100%
2023 / 2025 / 2026 kr.webp 63b17abd77fc0.png 6399bb707aacb.png Rb
100%
2023 / 2024 / 2025 / 2026 ru.webp 62bbeba74d5cb.png something
100%
2023 / 2024 / 2025 ph.webp 629f17f51e7a3.png 629f13085ead6.png 2GE
67%
2025 jp.webp 63972e548cdc9.png Art
67%
2023 ca.webp 629f316ddd4dd.png AYRIN
67%
2025 / 2026 id.webp 629f1bdae82ab.png 629f13085ead6.png BerserX
67%
2023 / 2024 / 2025 / 2026 kr.webp 63b17abd77fc0.png 62fe0b8f6b084.png BuZz
67%
2026 kr.webp 63a74624cc76a.png C1ndeR
67%
2026 jp.webp 63972e548cdc9.png Caedye
67%
2025 jp.webp 62a411783d94d.png CLZ
67%
2023 jp.webp 62a411783d94d.png crow
67%
2025 kr.webp 62fe0b8f6b084.png DH
67%
2023 / 2026 kr.webp 654cc858ea9f5.png 62a411783d94d.png eKo
67%
2024 / 2025 kr.webp 629f17f51e7a3.png 63b17abd77fc0.png Estrella
67%
2023 th.webp 6226f3d764e03.png garnetS
67%
2024 / 2025 kr.webp 6226f3d764e03.png Governor
67%
2025 jp.webp 63972e548cdc9.png gyen
67%
2026 kr.webp 63b17abd77fc0.png Hermes
67%
2025 / 2026 kr.webp 63b17abd77fc0.png HYUNMIN
67%
2025 / 2026 kr.webp 6399bb707aacb.png Ivy
67%
2024 / 2025 / 2026 kr.webp 62fe0b8f6b084.png iZu
67%
2024 / 2025 / 2026 ru.webp 629f17f51e7a3.png Jemkin
67%
2023 / 2024 / 2025 / 2026 ph.webp 629f13085ead6.png JessieVash
67%
2025 kr.webp 63972e548cdc9.png Jinboong
67%
2023 / 2024 / 2025 / 2026 th.webp 6226f3d764e03.png 6537a7954d915.png JitBoyS
67%
2024 / 2025 / 2026 kr.webp 654cc858ea9f5.png Karon
67%
2025 / 2026 ph.webp 629f316ddd4dd.png 629f13085ead6.png kellyS
67%
2025 / 2026 th.webp 6226f3d764e03.png 6537a7954d915.png Killua
67%
2026 kr.webp 63a74624cc76a.png Klaus
67%
2025 / 2026 ru.webp 629f316ddd4dd.png Kr1stal
67%
2025 / 2026 id.webp 629f17f51e7a3.png Kushy
67%
2024 / 2026 kr.webp 654cc858ea9f5.png Lakia
67%
2026 th.webp 6537a7954d915.png Leviathan
67%
2023 / 2024 in.webp 629f316ddd4dd.png Lightningfast
67%
2023 / 2024 / 2025 / 2026 kr.webp 63b17abd77fc0.png MaKo
67%
2025 kr.webp 6399bb707aacb.png margaret
67%
2024 kr.webp 63972e548cdc9.png Medusa
67%
2024 / 2025 / 2026 jp.webp 63972e548cdc9.png Meiy
67%
2023 / 2024 / 2025 / 2026 kr.webp 654cc858ea9f5.png 62fe0b8f6b084.png Meteor
67%
2023 / 2024 / 2025 / 2026 kr.webp 62fe0b8f6b084.png 654cc858ea9f5.png 62fe0b8f6b084.png Munchkin
67%
2025 id.webp 629f1bdae82ab.png NcSlasher
67%
2026 kr.webp 63a74624cc76a.png oonzmlp
67%
2023 th.webp 6226f3d764e03.png Patiphan
67%
2025 kr.webp 6399bb707aacb.png Persia
67%
2024 / 2025 / 2026 th.webp 6226f3d764e03.png 6537a7954d915.png primmie
67%
2024 us.webp 62fe0b8f6b084.png Rossy
67%
2025 id.webp 629f1bdae82ab.png Shiro
67%
2024 th.webp 662f72ad88211.png sScary
67%
2023 / 2024 / 2025 / 2026 kr.webp 63b17abd77fc0.png 62fe0b8f6b084.png stax
67%
2023 / 2024 / 2025 / 2026 jp.webp 62a411783d94d.png SugarZ3ro
67%
2023 th.webp 6226f3d764e03.png Sushiboys
67%
2023 / 2025 / 2026 kr.webp 654cc858ea9f5.png 62fe0b8f6b084.png 629f13085ead6.png Sylvan
67%
2025 / 2026 jp.webp 62a411783d94d.png SyouTa
67%
2023 / 2024 / 2025 / 2026 kr.webp 629f316ddd4dd.png 654cc858ea9f5.png t3xture
67%
2023 jp.webp 62a411783d94d.png TENNN
67%
2025 / 2026 th.webp 6226f3d764e03.png 6537a7954d915.png thyy
67%
2025 / 2026 kr.webp 629f316ddd4dd.png UdoTan
67%
2024 / 2025 ph.webp 629f13085ead6.png Wild0reoo
67%
2023 / 2024 / 2025 / 2026 id.webp 629f17f51e7a3.png xffero
67%
2026 kr.webp 6399bb707aacb.png Xross
67%
2026 kr.webp 63a74624cc76a.png XuNa
67%
2026 jp.webp 63972e548cdc9.png yatsuka
67%
2024 us.webp 662f72ad88211.png yay
67%
2026 kr.webp 63b17abd77fc0.png yong
67%
2026 kr.webp 63a74624cc76a.png Zexy
67%
2026 kr.webp 654cc858ea9f5.png ZynX
67%
2023 / 2024 jp.webp 63972e548cdc9.png Anthem
33%
2023 kr.webp 629f316ddd4dd.png Bazzi
33%
2023 / 2024 ph.webp 629f13085ead6.png BORKUM
33%
2023 ph.webp 629f13085ead6.png DubsteP
33%
2023 ph.webp 629f17f51e7a3.png EJAY
33%
2023 ph.webp 629f17f51e7a3.png Emman
33%
2025 id.webp 629f1bdae82ab.png Famouz
33%
2023 / 2024 id.webp 629f17f51e7a3.png fl1pzjder
33%
2023 th.webp 6226f3d764e03.png foxz
33%
2023 kr.webp 654cc858ea9f5.png GodDead
33%
2024 jp.webp 62a411783d94d.png hiroronn
33%
2023 / 2024 / 2025 ph.webp 629f13085ead6.png Jremy
33%
2023 kr.webp 654cc858ea9f5.png k1Ng
33%
2023 / 2024 jp.webp 62a411783d94d.png Laz
33%
2023 / 2024 sg.webp 629f13085ead6.png 6226f3d764e03.png lenne
33%
2023 / 2024 id.webp 629f17f51e7a3.png Lmemore
33%
2025 vn.webp 629f13085ead6.png n1zzy
33%
2025 ph.webp 629f316ddd4dd.png Papi
33%
2023 jp.webp 63972e548cdc9.png Reita
33%
2024 sg.webp 662f72ad88211.png Retla
33%
2026 ph.webp 629f13085ead6.png Rimuru
33%
2024 gb.webp 629f316ddd4dd.png Russ
33%
2023 / 2024 kr.webp 62fe0b8f6b084.png Sayaplayer
33%
2023 in.webp 629f316ddd4dd.png SkRossi
33%
2024 / 2025 / 2026 jp.webp 63972e548cdc9.png SSeeS
33%
2023 / 2025 kr.webp 63972e548cdc9.png 654cc858ea9f5.png Suggest
33%
2024 th.webp 6226f3d764e03.png Surf
33%
2023 jp.webp 63972e548cdc9.png takej
33%
2025 / 2026 kr.webp 62a411783d94d.png 629f13085ead6.png TenTen
33%
2023 kr.webp 654cc858ea9f5.png TS
33%
2024 id.webp 62fe0b8f6b084.png xccurate
33%
2025 / 2026 jp.webp 62a411783d94d.png Xdll
33%
2023 kr.webp 62fe0b8f6b084.png xeta
33%
2023 jp.webp 63972e548cdc9.png xnfri
33%
2025 kr.webp 654cc858ea9f5.png 629f316ddd4dd.png yoman
33%
2025 sg.webp 629f13085ead6.png ZesBeeW
33%
2023 / 2024 kr.webp 63b17abd77fc0.png 662f72ad88211.png Zest
33%
2024 id.webp 629f316ddd4dd.png blaZek1ng
0%
2024 sg.webp 662f72ad88211.png Egoist
0%
2023 kr.webp 62fe0b8f6b084.png iNTRO
0%
2026 kr.webp 654cc858ea9f5.png KiTae
0%
2024 ph.webp 629f13085ead6.png NDG
0%
2024 jp.webp 63972e548cdc9.png neth
0%
2024 fi.webp 629f316ddd4dd.png Polvi
0%
2023 kr.webp 63972e548cdc9.png Seoldam
0%
2023 au.webp 629f316ddd4dd.png WRONSKI
0%
2026 ph.webp 629f316ddd4dd.png xavi8k
0%
2025 ph.webp 629f316ddd4dd.png yokam
0%
2024 jp.webp 62a411783d94d.png yuran
0%
2026 ph.webp 629f13085ead6.png Zeus
0%
No matching quizzes found
Score Distribution
Percent of People with Each Score
Percentile by Number Answered
Your Score History
You have not taken this quiz since the last reset